市町村wiki画像クイズ!初級編 - Statistics

General Stats
  • This quiz has been taken 531 times
  • The average score is 8 of 16
Answer Stats
Picture Answer % Correct
鹿児島市
90%
出雲市
87%
鈴鹿市
71%
青ヶ島村
67%
旭川市
67%
岸和田市
62%
平泉町
58%
米子市
48%
坂井市
48%
伊根町
45%
奈良市
42%
青梅市
35%
倶知安町
17%
七尾市
17%
室戸市
7%
知夫村
1%
No matching quizzes found
Score Distribution
Percent of People with Each Score
Percentile by Number Answered
Your Score History
You have not taken this quiz